Aircraft construction, repair, and inspection /

Bibliographic Details
Main Author: Christy, Joe
Format: Book
Language:English
Published: Blue Ridge Summit, Pa. : Tab Books, [1984]
Subjects:

MARC

Tag First Indicator Second Indicator Subfields
LEADER 00000cam a22000008a 4500
001 in00000512321
005 20151013085830.0
008 831114s1984 paua 00110 eng
010 |a  83018163  
020 |a 0830623779 (pbk.) :  |c $12.95 
035 |a (OCoLC)10184109 
035 |9 ACF7112AM 
039 0 |a 2  |b 3  |c 3  |d 3  |e 3 
040 |a DLC  |c DLC  |d TXA  |d UtOrBLW 
049 |a TXAM 
050 0 0 |a TL671.2  |b .C527 1984 
082 0 |a 629.134/2  |2 19 
100 1 |a Christy, Joe. 
245 1 0 |a Aircraft construction, repair, and inspection /  |c by Joe Christy. 
263 |a 8403 
264 1 |a Blue Ridge Summit, Pa. :  |b Tab Books,  |c [1984] 
264 4 |c ©1984 
300 |a vi, 232 pages :  |b illustrations 
336 |a text  |b txt  |2 rdacontent 
337 |a unmediated  |b n  |2 rdamedia 
338 |a volume  |b nc  |2 rdacarrier 
500 |a Includes index. 
650 0 |a Airplanes  |x Design and construction. 
650 0 |a Airplanes, Home-built. 
999 |a MARS 
999 f f |s 3d5765e9-6890-3264-8263-8f5ee7323be5  |i ac425964-148e-3c2e-a162-82adeb7ab6fc  |t 0 
952 f f |p ric  |a Texas A&M University  |b Rellis Campus  |c Joint Library Facility  |d Remote Storage  |t 0  |e TL671.2 .C527 1984  |h Library of Congress classification  |i unmediated -- volume  |m A14808037448 
998 f f |a TL671.2 .C527 1984  |t 0  |l Remote Storage